Taschenwörterbuch der spanischen und deutschen Sprache

Zapisane w:
Opis bibliograficzny
1. autor: Paz y Mélia, A. (Antonio) (verfasser)
Format: Książka
Język:niemiecki
hiszpański
Wydane: Berlín Schöneberg 1903
Hasła przedmiotowe:
Etykiety: Dodaj etykietę
Nie ma etykietki, Dołącz pierwszą etykiete!

MARC

LEADER 00000nam a2200000 a 4500
001 UCL4004
003 CL-VaPUC
008 031219e19030000GW |||||||||||||||||ger|d
041 0 7 |a ger  |2 CL-VaPUC 
041 0 7 |a spa  |2 CL-VaPUC 
082 0 4 |a 433.61  |b PAZ  |2 21 
100 |a Paz y Mélia, A.  |q (Antonio)  |e verfasser  |9 481457 
245 1 0 |a Taschenwörterbuch der spanischen und deutschen Sprache 
300 |a pág. irreg 
942 |c BK 
945 |d 20031219 00:00:00  |a cmena 
260 |a Berlín  |b Schöneberg  |c 1903 
650 0 |a Diccionarios  |9 256200 
650 0 |a Alemán   |9 330722 
650 0 |a Español  |9 255372 
583 |a last modification  |c 20031219 00:00:00  |k Rodrigo Vera 
999 |c 306963  |d 306961 
952 |0 0  |1 0  |4 0  |6 433_610000000000000_PAZ_1903  |7 0  |8 X  |9 372423  |a BIBDER  |b BIBDER  |d 2019-11-21  |i 3931676  |o 433.61 PAZ 1903  |p 3931676  |r 2023-01-25  |w 2019-11-21  |y BK_X  |k DER